[Event "Orlova op 5th"]
[Site "Orlova"]
[Date "2008.05.25"]
[Round "9"]
[White "Sitek, Dawid"]
[Black "Lipus, Drahomir"]
[Result "1-0"]
[WhiteElo "1793"]
[BlackElo "1504"]
[PlyCount "65"]
[EventDate "2008.05.17"]
[EventType "swiss"]
[EventRounds "9"]
[EventCountry "CZE"]
[SourceTitle "EXT 2012"]
[Source "ChessBase"]
[SourceDate "2011.11.24"]
[SourceVersion "1"]
[SourceVersionDate "2011.11.24"]
[SourceQuality "1"]

1. e4 c5 2. Nf3 d6 3. d4 cxd4 4. Nxd4 Nf6 5. Nc3 a6 6. Be2 e6 7. Be3 Be7 8. Qd2 Nc6 9. 0-0 0-0 10. f4 Qc7 11. Rf3 Ng4 12. Nxc6 bxc6 13. Bd3 Nxe3 14. Qxe3 Bf6 15. Kh1 Rb8 16. Re1 Bxc3 17. bxc3 Rb2 18. e5 d5 19. Rh3 g6 20. Rh6 f5 21. exf6 Rxf6 22. f5 Qg7 23. fxg6 hxg6 24. Qg5 Kf7 25. Bxg6+ Qxg6 26. Rxg6 Rxg6 27. Rf1+ Kg7 28. Qe7+ Kh6 29. Qf8+ Kh5 30. Qxc8 Rxc2 31. Qh8+ Kg5 32. g3 Rh6 33. h4+ 1-0

[Event "Orlova op 5th"]
[Site "Orlova"]
[Date "2008.05.24"]
[Round "8"]
[White "Kuznarsky, Ludvik"]
[Black "Sitek, Dawid"]
[Result "0-1"]
[WhiteElo "1704"]
[BlackElo "1793"]
[PlyCount "40"]
[EventDate "2008.05.17"]
[EventType "swiss"]
[EventRounds "9"]
[EventCountry "CZE"]
[SourceTitle "EXT 2012"]
[Source "ChessBase"]
[SourceDate "2011.11.24"]
[SourceVersion "1"]
[SourceVersionDate "2011.11.24"]
[SourceQuality "1"]

1. d4 d5 2. Nf3 c6 3. Nbd2 Bf5 4. c4 e6 5. Ne5 Nd7 6. f4 Nxe5 7. dxe5 dxc4 8. Nxc4 Qxd1+ 9. Kxd1 0-0-0+ 10. Ke1 Be4 11. Bd2 Bc5 12. e3 b5 13. Na5 Ne7 14. Nb3 Bb6 15. Rc1 Nf5 16. Kf2 Rd7 17. Nc5 Rxd2+ 18. Ke1 Ba5 19. Nb3 Rc2+ 20. Kd1 Rd8+ 0-1